000 00590nam a2200217Ia 4500
003 OSt
005 20220927102941.0
006 a|||||r|||| 00| 0
007 ta
008 220926b |||||||| |||| 00| 0 eng d
024 _a15818
037 _cReference Collections
040 _aRTL
_cRTL
_beng
041 _2eng
_aeng
082 _a"Xk, K3-;1/RR"
100 _aPaenson Isaac Co.
_9351864
245 0 _aSystematic glossary of selected economic and socia
260 _c1963
942 _h"Xk, K3-;1/RR"
_cCC
999 _c679635
_d679635